The fundamental potential for enlightenment : (Record no. 2884)

MARC details
000 -LEADER
fixed length control field 00675nam a22002171i 4500
003 - CONTROL NUMBER IDENTIFIER
control field OSt
005 - DATE AND TIME OF LATEST TRANSACTION
control field 20260403130019.0
008 - FIXED-LENGTH DATA ELEMENTS--GENERAL INFORMATION
fixed length control field 260321s1996 at ||||| |||| 00| 0 eng d
020 ## - INTERNATIONAL STANDARD BOOK NUMBER
International Standard Book Number 0646282476
040 ## - CATALOGING SOURCE
Original cataloging agency LHL
Language of cataloging eng
Transcribing agency LHL
Modifying agency LHL
Description conventions rda
041 ## - LANGUAGE CODE
Language code of text/sound track or separate title eng
Language code of original tib
100 ## - MAIN ENTRY--PERSONAL NAME
Personal name Loden, Geshe Acharya Thubten
245 ## - TITLE STATEMENT
Title The fundamental potential for enlightenment :
Remainder of title in Tibetan Buddhism.
264 ## - PRODUCTION, PUBLICATION, DISTRIBUTION, MANUFACTURE, AND COPYRIGHT NOTICE
Place of production, publication, distribution, manufacture Melbourne, Australia :
Name of producer, publisher, distributor, manufacturer Tushita publications,
Date of production, publication, distribution, manufacture, or copyright notice 1996.
300 ## - PHYSICAL DESCRIPTION
Extent 310 pages :
Other physical details illustrations ;
Dimensions 21 cm
336 ## - CONTENT TYPE
Source rdacontent
Content type term text
Content type code txt
337 ## - MEDIA TYPE
Source rdamedia
Media type term unmediated
Media type code n
338 ## - CARRIER TYPE
Source rdacarrier
Carrier type term volume
Carrier type code nc
650 ## - SUBJECT ADDED ENTRY--TOPICAL TERM
Topical term or geographic name entry element Buddhism
General subdivision Doctrines
942 ## - ADDED ENTRY ELEMENTS (KOHA)
Source of classification or shelving scheme Lindholme Classification Scheme
Koha item type Book
Suppress in OPAC No
Holdings
Withdrawn status Lost status Source of classification or shelving scheme Damaged status Not for loan Collection Home library Current library Shelving location Date acquired Total checkouts Full call number Barcode Date last seen Price effective from Koha item type
    Lindholme Classification Scheme     Vajrayana Lindholme Hall Library Lindholme Hall Library General stacks 21/03/2026   533 LOD 2401087 21/03/2026 21/03/2026 Book
    Lindholme Classification Scheme     Vajrayana Lindholme Hall Library Lindholme Hall Library General stacks 21/03/2026   533 LOD 2500322 21/03/2026 21/03/2026 Book